[Event "Serpukhov-B"]
[Site "Serpukhov"]
[Date "2004.08.26"]
[Round "1"]
[White "Dmitrenko, Viktor"]
[Black "Hansen, Alexei Cherstiouk"]
[Result "1-0"]
[WhiteElo "2380"]
[BlackElo "1986"]
[PlyCount "77"]
[EventDate "2004.08.26"]
[EventType "tourn"]
[EventRounds "12"]
[EventCountry "RUS"]
[EventCategory "1"]
[SourceTitle "EXT 2006"]
[Source "ChessBase"]
[SourceDate "2005.11.24"]
[SourceVersion "1"]
[SourceVersionDate "2005.11.24"]
[SourceQuality "1"]

1. d4 Nf6 2. Bg5 Ne4 3. Bf4 d5 4. Nd2 Nf6 5. Ngf3 c6 6. e3 Bf5 7. c4 h6 8. h3 e6 9. Qb3 b6 10. cxd5 exd5 11. Rc1 Bd6 12. Ne5 0-0 13. Be2 c5 14. dxc5 Bxc5 15. 0-0 Be6 16. Qa4 Qe7 17. Ndf3 Ne4 18. Rfd1 Nd7 19. Ba6 Nxe5 20. Bxe5 Ng5 21. Nxg5 Qxg5 22. Qf4 Qxf4 23. Bxf4 Rad8 24. a3 f6 25. Kf1 Kh7 26. b4 Bd6 27. Bxd6 Rxd6 28. Ke2 Rfd8 29. Rc7 R8d7 30. Rdc1 Rxc7 31. Rxc7 Rd7 32. Rxd7 Bxd7 33. Kd3 Bc6 34. Bc8 Kg6 35. Be6 f5 36. Kd4 Kf6 37. Bxd5 Bd7 38. f3 g5 39. e4 1-0

[Event "EU-ch U14"]
[Site "Urgup"]
[Date "2004.07.??"]
[Round "5"]
[White "Hansen, Alexei Cherstiouk"]
[Black "Tvarijonas, Povilas"]
[Result "1/2-1/2"]
[WhiteElo "2051"]
[BlackElo "2131"]
[PlyCount "75"]
[EventDate "2004.08.??"]
[EventType "swiss"]
[EventRounds "9"]
[EventCountry "TUR"]
[SourceTitle "EXT 2005"]
[Source "ChessBase"]
[SourceDate "2004.11.15"]
[SourceVersion "1"]
[SourceVersionDate "2004.11.15"]
[SourceQuality "1"]

1. e4 c5 2. Nc3 Nc6 3. Nf3 e6 4. d4 cxd4 5. Nxd4 Nf6 6. Ndb5 d6 7. Bf4 e5 8. Bg5 a6 9. Na3 b5 10. Bxf6 gxf6 11. Nd5 f5 12. c3 Bg7 13. Bd3 Be6 14. 0-0 0-0 15. Qh5 fxe4 16. Bxe4 f5 17. Nf4 exf4 18. Bxc6 Rc8 19. Qf3 b4 20. Bd5 Bf7 21. Bxf7+ Rxf7 22. cxb4 Bxb2 23. Rad1 Be5 24. Rd3 Rfc7 25. Rfd1 Kg7 26. b5 Rc3 27. bxa6 Rxd3 28. Qxd3 Rc3 29. Qxf5 Rxa3 30. Qxe5+ dxe5 31. Rxd8 Rxa2 32. f3 Rxa6 33. Rd2 Kf6 34. Kf2 Kf5 35. g3 Ra5 36. Re2 h5 37. Kg2 Ra3 38. Rb2 1/2-1/2

[Event "EU-ch U14"]
[Site "Urgup"]
[Date "2004.07.??"]
[Round "3"]
[White "Matsenko, Sergei"]
[Black "Hansen, Alexei Cherstiouk"]
[Result "1-0"]
[WhiteElo "2195"]
[BlackElo "2051"]
[PlyCount "91"]
[EventDate "2004.08.??"]
[EventType "swiss"]
[EventRounds "9"]
[EventCountry "TUR"]
[SourceTitle "EXT 2005"]
[Source "ChessBase"]
[SourceDate "2004.11.15"]
[SourceVersion "1"]
[SourceVersionDate "2004.11.15"]
[SourceQuality "1"]

1. e4 c5 2. Nf3 e6 3. c3 Nf6 4. e5 Nd5 5. d4 cxd4 6. cxd4 d6 7. Nc3 Nxc3 8. bxc3 Qc7 9. Bd2 Nd7 10. exd6 Bxd6 11. Bd3 0-0 12. 0-0 b6 13. h3 Nf6 14. Rc1 Bb7 15. c4 Bf4 16. Be3 Rfd8 17. Qe2 Rac8 18. Rfd1 g6 19. Rc2 Kg7 20. Rcc1 Bxe3 21. fxe3 Ne4 22. Bxe4 Bxe4 23. Rc3 Qb7 24. Nd2 Bc6 25. Qf2 Be4 26. Rf1 Rd7 27. Qf6+ Kg8 28. Rf2 Bd5 29. Qe5 Rdc7 30. Ra3 Rxc4 31. Nxc4 Rxc4 32. Kh2 Qc7 33. Qxc7 Rxc7 34. Rb2 a5 35. Kg3 Rc6 36. Kf4 Kf8 37. e4 Bc4 38. Rc2 Ke7 39. Rac3 b5 40. a4 Kd6 41. Kg5 h5 42. h4 Rb6 43. axb5 Bxb5 44. Kf6 Be8 45. Rc5 a4 46. e5+ 1-0

[Event "Politiken Cup 25th"]
[Site "Copenhagen"]
[Date "2003.07.25"]
[Round "11"]
[White "Hansen, Alexei Cherstiouk"]
[Black "Hartung Nielsen, Jens"]
[Result "1-0"]
[WhiteElo "1973"]
[BlackElo "2233"]
[PlyCount "113"]
[EventDate "2003.07.14"]
[EventType "swiss"]
[EventRounds "11"]
[EventCountry "DEN"]
[SourceTitle "CBM 095 Extra"]
[Source "ChessBase"]
[SourceDate "2003.09.04"]
[SourceVersion "1"]
[SourceVersionDate "2003.09.04"]
[SourceQuality "1"]

1. e4 c5 2. Nf3 d6 3. d4 cxd4 4. Nxd4 Nf6 5. Nc3 g6 6. Be3 Bg7 7. f3 Nc6 8. Qd2 0-0 9. Bc4 Bd7 10. 0-0-0 Qa5 11. Kb1 Rfc8 12. Bb3 Ne5 13. h4 Nc4 14. Bxc4 Rxc4 15. Nb3 Qc7 16. Bd4 a5 17. Bxf6 exf6 18. Qxd6 Qxd6 19. Rxd6 Be6 20. Rhd1 Rcc8 21. Nd5 Bxd5 22. R1xd5 a4 23. Na5 Bf8 24. Rxf6 Be7 25. Rb6 Bc5 26. Rb5 b6 27. Nb7 Bf2 28. Nd6 Rc6 29. h5 Ra7 30. e5 Kg7 31. Ne4 Bg1 32. Rd1 Be3 33. Rd3 Bg1 34. Rd1 Be3 35. Rd3 Bg1 36. Rbd5 gxh5 37. Rd6 Rc8 38. Ng3 Raa8 39. Nxh5+ Kf8 40. Rd7 Bc5 41. f4 Be7 42. Nf6 h6 43. Nh7+ Ke8 44. Nf6+ Kf8 45. Rxe7 Kxe7 46. Nd5+ Ke6 47. Nxb6 Kf5 48. Nxa8 Rxa8 49. g3 h5 50. b4 axb3 51. axb3 h4 52. gxh4 Kxf4 53. Rd7 Kxe5 54. Rxf7 Rh8 55. Rd7 Rxh4 56. Kb2 Ke6 57. Rd1 1-0